Strategic management: competitiveness and globalization: concepts and cases (Record no. 364756)
[ view plain ]
| 000 -LEADER | |
|---|---|
| fixed length control field | 00596nam a22001817a 4500 |
| 003 - CONTROL NUMBER IDENTIFIER | |
| control field | 0 |
| 005 - DATE AND TIME OF LATEST TRANSACTION | |
| control field | 20250415150125.0 |
| 008 - FIXED-LENGTH DATA ELEMENTS--GENERAL INFORMATION | |
| fixed length control field | 220727b xxu||||| |||| 00| 0 eng d |
| 020 ## - INTERNATIONAL STANDARD BOOK NUMBER | |
| International Standard Book Number | 978-981-48-7802-9 |
| 050 ## - LIBRARY OF CONGRESS CALL NUMBER | |
| Classification number | HD 30.28 |
| Item number | .H58 2020 |
| 245 ## - TITLE STATEMENT | |
| Title | Strategic management: competitiveness and globalization: concepts and cases |
| Statement of responsibility, etc | Michael A. Hitt; R. Duane Ireland; Robert E. Hoskisson |
| 250 ## - EDITION STATEMENT | |
| Edition statement | 12th ed. |
| 260 ## - PUBLICATION, DISTRIBUTION, ETC. (IMPRINT) | |
| Place of publication, distribution, etc | Australia |
| Name of publisher, distributor, etc | Cengage |
| Date of publication, distribution, etc | 2020 |
| 300 ## - PHYSICAL DESCRIPTION | |
| Extent | xxiii, 442pp. |
| Dimensions | 26cm. |
| Accompanying material | Includes index. |
| Type of unit | Book |
| 500 ## - GENERAL NOTE | |
| General note | Strategic planning. |
| 500 ## - GENERAL NOTE | |
| General note | Industrial management. |
| 942 ## - ADDED ENTRY ELEMENTS (KOHA) | |
| Source of classification or shelving scheme | Library of Congress Classification |
| Koha item type | Books |
| Withdrawn status | Lost status | Source of classification or shelving scheme | Damaged status | Home library | Current library | Shelving location | Date acquired | Source of acquisition | Total Checkouts | Full call number | Barcode | Date last seen | Date checked out | Price effective from | Koha item type |
|---|---|---|---|---|---|---|---|---|---|---|---|---|---|---|---|
| Library of Congress Classification | College Library | College Library | Reserve Section | 07/27/2022 | Library Fund | 1 | HD 30.28 .H58 2020 | C22762 | 11/29/2023 | 11/29/2023 | 07/27/2022 | Books | |||
| Library of Congress Classification | College Library | College Library | Reserve Section | 07/27/2022 | Library Fund | HD 30.28 .H58 2020 | C22763 | 07/27/2022 | 07/27/2022 | Books | |||||
| Library of Congress Classification | College Library | College Library | Reserve Section | 07/27/2022 | Library Fund | HD 30.28 .H58 2020 | C22764 | 07/27/2022 | 07/27/2022 | Books |